La primera piedra /
| Clasificación: | Libro Electrónico |
|---|---|
| Autor principal: | |
| Otros Autores: | |
| Formato: | Electrónico eBook |
| Idioma: | Español Inglés |
| Publicado: |
Barcelona :
Catedral,
[2021]
|
| Edición: | Primera edición digital. |
| Colección: | Serie Karen Pirie.
Catedral Noir. |
| Temas: | |
| Acceso en línea: | Texto completo |
MARC
| LEADER | 00000nam a2200000Ii 4500 | ||
|---|---|---|---|
| 001 | DIGCATEDRL0031 | ||
| 003 | NyNyDIG | ||
| 008 | 230708s2021 sp o 000 0 spa d | ||
| 006 | m o d | ||
| 007 | cr ||||||||||| | ||
| 035 | |a (OCoLC)1390760546 | ||
| 040 | |a DGITA |b eng |e rda |e pn |c DGITA | ||
| 020 | |a 9788418059315 |q eBook | ||
| 020 | |z 9788418059308 | ||
| 041 | 0 | |a spa |h eng | |
| 050 | 1 | 4 | |a PR6063.C37 ebook |
| 100 | 1 | |a McDermid, Val, |e author. | |
| 240 | 1 | 0 | |a Broken Ground. |l Spanish |s (Mazzanti) |
| 245 | 1 | 3 | |a La primera piedra / |c Val McDermid; traducción de Marcelo E. Mazzanti. |
| 250 | |a Primera edición digital. | ||
| 264 | 1 | |a Barcelona : |b Catedral, |c [2021] | |
| 300 | |a 1 online resource. | ||
| 336 | |a text |b txt |2 rdacontent | ||
| 337 | |a computer |b c |2 rdamedia | ||
| 338 | |a online resource |b cr |2 rdacarrier | ||
| 347 | |a text file |2 rdaft | ||
| 347 | |b EPUB | ||
| 490 | 1 | |a Serie Karen Pirie | |
| 490 | 1 | |a Catedral Noir | |
| 500 | |a "Una historia de herencias manditas, asesinatos y corrupción en los Highlands escoceses"--Cover. | ||
| 588 | 0 | |a Online resource; title from ePub title page (Digitalia, viewed July 8, 2023) | |
| 650 | 0 | |a Women detectives |v Fiction. | |
| 655 | 7 | |a Fiction. |2 lcgft | |
| 655 | 7 | |a Detective and mystery fiction. |2 lcgft | |
| 700 | 1 | |a Mazzanti, Marcelo E., |e translator. | |
| 700 | 1 | |i Translation of: |a McDermid, Val, |t Broken Ground. | |
| 776 | 0 | 8 | |i Print version: |a McDermid, Val. |s Broken Ground. Spanish (Mazzanti). |t Primera piedra. |b Primera edición. |d Barcelona : Catedral, [2021] |z 9788418059308 |
| 791 | 2 | |a Digitalia (Firm), |e distributor. | |
| 793 | 0 | |g Digitalia eBook Collection: |a Catedral | |
| 830 | 0 | |a Serie Karen Pirie. | |
| 830 | 0 | |a Catedral Noir. | |
| 856 | 4 | 0 | |u https://digitalia.uam.elogim.com/a/81228/ |z Texto completo |
| 910 | |a Premium collection: 2023 | ||


